[Event "4NCL Division 2b"]
[Site "Northampton, ENG"]
[Date "2017.02.12"]
[Round "6.62"]
[White "Kalaiyalahan, Akshaya"]
[Black "Lee, Richard W Y"]
[Result "0-1"]
[WhiteElo "2252"]
[BlackElo "2153"]
[PlyCount "96"]
[EventDate "2017.02.12"]
[WhiteTeam "Guildford 3"]
[BlackTeam "Cambridge University 1"]

1. d4 d5 2. c4 e6 3. Nf3 Nf6 4. g3 Be7 5. Bg2 c6 6. O-O O-O 7. Nbd2 b6 8. Ne5
Bb7 9. Ndf3 Nbd7 10. Qa4 Nxe5 11. Nxe5 Qe8 12. Qc2 c5 13. cxd5 Bxd5 14. e4 Bb7
15. dxc5 Bxc5 16. Rd1 Rc8 17. Qe2 Qa4 18. b3 Qa6 19. Qe1 Rfd8 20. Rxd8+ Rxd8
21. Bb2 h6 22. b4 Qb5 23. Nxf7 Bxb4 24. Nxh6+ gxh6 25. Qc1 Bd2 26. Qc7 Rd7 27.
Qb8+ Kf7 28. Bxf6 Kxf6 29. e5+ Qxe5 30. Qh8+ Rg7 31. Qf8+ Kg6 32. Rd1 Bxg2 33.
Kxg2 Qd5+ 34. Kf1 Kh7 35. Qc8 Qxa2 36. Qd8 Bg5 37. Qd3+ Kg8 38. h4 Bxh4 39. Rc1
Be7 40. Rc8+ Bf8 41. Rxf8+ Kxf8 42. Qd8+ Kf7 43. Qd7+ Kg8 44. Qd8+ Kh7 45. Qd3+
Kh8 46. Qd8+ Rg8 47. Qd4+ e5 48. Qxe5+ Rg7 0-1

[Event "4NCL Division 2b"]
[Site "Northampton, ENG"]
[Date "2017.02.12"]
[Round "6.63"]
[White "Hill, Alistair"]
[Black "Osborne, Marcus E"]
[Result "1/2-1/2"]
[WhiteElo "2200"]
[BlackElo "2229"]
[PlyCount "101"]
[EventDate "2017.02.12"]
[WhiteTeam "Cambridge University 1"]
[BlackTeam "Guildford 3"]

1. e4 c5 2. Nf3 d6 3. d4 cxd4 4. Nxd4 Nf6 5. Nc3 e6 6. g3 Nc6 7. Bg2 Bd7 8. O-O
Be7 9. Re1 O-O 10. Nxc6 Bxc6 11. e5 dxe5 12. Bxc6 bxc6 13. Rxe5 Nd5 14. Na4 Nb6
15. Qxd8 Rfxd8 16. Nc3 Bb4 17. Be3 Bxc3 18. bxc3 Nc4 19. Rc5 Nxe3 20. fxe3 Rd2
21. Rxc6 Rad8 22. Rf1 Re2 23. Rf2 Rxe3 24. Rd2 Rb8 25. Kf2 Re5 26. Rd7 Ra5 27.
Rcc7 Rxa2 28. Ke3 Rxc2 29. Kd3 Rf2 30. Rxa7 g5 31. c4 Rb3+ 32. Kd4 Rff3 33. c5
Rb4+ 34. Ke5 Rf5+ 35. Kd6 Rd4+ 36. Kc6 Rc4 37. Ra5 g4 38. Rc7 Rc2 39. Kd7 Kg7
40. Ke8 Rxh2 41. Ra4 h5 42. Rc4 Ra2 43. c6 Ra8+ 44. Ke7 Rb5 45. Rb7 Rxb7+ 46.
cxb7 Rb8 47. Rb4 Kg6 48. Kd7 h4 49. Rxg4+ Kf5 50. Rf4+ Kg5 51. Kc7 1/2-1/2

[Event "4NCL Division 2b"]
[Site "Northampton, ENG"]
[Date "2017.02.12"]
[Round "6.64"]
[White "Granat, Russell G"]
[Black "Spencer, Carl J"]
[Result "0-1"]
[WhiteElo "2212"]
[BlackElo "2120"]
[PlyCount "98"]
[EventDate "2017.02.12"]
[WhiteTeam "Guildford 3"]
[BlackTeam "Cambridge University 1"]

1. e4 e5 2. Nf3 Nc6 3. Bb5 a6 4. Ba4 Nf6 5. O-O Be7 6. Qe2 b5 7. Bb3 O-O 8. c3
d5 9. d3 Bb7 10. Rd1 h6 11. Nbd2 Re8 12. Nf1 Bf8 13. Ne3 Na5 14. Bc2 c5 15. h3
Qc7 16. Nf5 Rad8 17. b4 dxe4 18. dxe4 Rxd1+ 19. Qxd1 Rd8 20. Qe2 cxb4 21. cxb4
Bxb4 22. Bxh6 gxh6 23. Nxh6+ Kf8 24. Nf5 Nc4 25. Bd3 Nd6 26. N3h4 Qc3 27. Rd1
Bc8 28. Nxd6 Rxd6 29. Qe3 Ke7 30. Rc1 Qxd3 31. Qa7+ Bd7 32. Nf5+ Kf8 33. Qb8+
Ne8 34. Nxd6 Qxd6 35. Qd8 f6 36. g4 Bc5 37. Rxc5 Qxc5 38. Qxd7 Qc1+ 39. Kg2 Qc7
40. Qf5 Qe7 41. h4 Nd6 42. Qf3 Kg7 43. Qd3 Qe6 44. Kh3 Nf7 45. f3 Qxa2 46. Qd7
Qc2 47. Qf5 Qc3 48. g5 fxg5 49. h5 g4+ 0-1

[Event "4NCL Division 2b"]
[Site "Northampton, ENG"]
[Date "2017.02.12"]
[Round "6.65"]
[White "Robertson, J Stuart"]
[Black "Emerson, Roger"]
[Result "1/2-1/2"]
[WhiteElo "2107"]
[BlackElo "2195"]
[PlyCount "27"]
[EventDate "2017.02.12"]
[WhiteTeam "Cambridge University 1"]
[BlackTeam "Guildford 3"]

1. d4 Nf6 2. c4 g6 3. Nc3 Bg7 4. e4 d6 5. Be2 O-O 6. Bg5 Nbd7 7. Qd2 a6 8. Bh6
c5 9. d5 b5 10. Bxg7 Kxg7 11. cxb5 Qa5 12. bxa6 Bxa6 13. Bxa6 Qxa6 14. Nf3
1/2-1/2

[Event "4NCL Division 2b"]
[Site "Northampton, ENG"]
[Date "2017.02.12"]
[Round "6.66"]
[White "Shepley, Julien M"]
[Black "Stanisz, Patryk"]
[Result "0-1"]
[WhiteElo "1992"]
[BlackElo "2073"]
[PlyCount "82"]
[EventDate "2017.02.12"]
[WhiteTeam "Guildford 3"]
[BlackTeam "Cambridge University 1"]

1. e4 c5 2. Nf3 Nc6 3. c3 Nf6 4. e5 Nd5 5. Bc4 Nb6 6. Bb3 d5 7. d4 cxd4 8. cxd4
Bg4 9. Be3 e6 10. h3 Bh5 11. g4 Bg6 12. Bc2 Bxc2 13. Qxc2 Rc8 14. Qe2 Nc4 15.
Kf1 Qb6 16. b3 Nxe3+ 17. Qxe3 Nb4 18. Ne1 Be7 19. Nd2 O-O 20. Ndf3 Nc2 21. Nxc2
Rxc2 22. Kg2 Qa5 23. Rhc1 Rfc8 24. Ne1 R2c6 25. Nd3 Ba3 26. Rxc6 Rxc6 27. Re1
Rc2 28. b4 Qc7 29. Rb1 Qc4 30. Rb3 Rxa2 31. Nc5 Bxb4 32. Nxb7 a5 33. Nd6 Qc2
34. Qf3 Qg6 35. Nc4 h5 36. Ne3 hxg4 37. hxg4 Rd2 38. Qf4 Qe4+ 39. Qxe4 dxe4 40.
Kg3 g5 41. f4 Rd3 0-1

[Event "4NCL Division 2b"]
[Site "Northampton, ENG"]
[Date "2017.02.12"]
[Round "6.67"]
[White "Starley, Robert"]
[Black "Punnett, Alan K"]
[Result "1-0"]
[WhiteElo "2045"]
[BlackElo "2039"]
[PlyCount "79"]
[EventDate "2017.02.12"]
[WhiteTeam "Cambridge University 1"]
[BlackTeam "Guildford 3"]

1. e4 e6 2. d4 d5 3. Nc3 Bb4 4. e5 c5 5. a3 Bxc3+ 6. bxc3 Ne7 7. Qg4 Qc7 8.
Qxg7 Rg8 9. Qxh7 cxd4 10. Ne2 Nbc6 11. f4 Bd7 12. Qd3 dxc3 13. Nxc3 a6 14. Bd2
O-O-O 15. g3 Na5 16. Rb1 Nc4 17. Rb3 Bc6 18. Bg2 Nxd2 19. Qxd2 Nf5 20. Ne2 d4
21. Bxc6 Qxc6 22. Rg1 Qd5 23. Rd3 Qe4 24. Kd1 Rd7 25. Kc1 Rgd8 26. Re1 Qd5 27.
h3 Rc7 28. Kb1 Rc4 29. Rc1 Kb8 30. Rb3 Rdc8 31. Qd3 Qc5 32. g4 Ne7 33. Ng3 Nd5
34. Ne4 Qa5 35. Nd6 Nc3+ 36. Kb2 Na4+ 37. Ka1 Rc3 38. Nxb7 Qd5 39. Nc5+ Ka7 40.
Qxa6# 1-0

[Event "4NCL Division 2b"]
[Site "Northampton, ENG"]
[Date "2017.02.12"]
[Round "6.71"]
[White "Jones, Steven A"]
[Black "Weller, Jean-Luc"]
[Result "1-0"]
[WhiteElo "2157"]
[BlackElo "2269"]
[PlyCount "85"]
[EventDate "2017.02.12"]
[WhiteTeam "Bradford DCA Knights A"]
[BlackTeam "White Rose 2"]

1. e4 e6 2. d4 d5 3. Nc3 Bb4 4. e5 Ne7 5. a3 Bxc3+ 6. bxc3 c5 7. Qg4 Qc7 8.
Qxg7 Rg8 9. Qxh7 cxd4 10. Ne2 dxc3 11. f4 Nbc6 12. Qd3 d4 13. Ng3 Bd7 14. Ne4
O-O-O 15. g3 Ng6 16. Bg2 Ncxe5 17. fxe5 Qxe5 18. O-O Bb5 19. Qf3 Bxf1 20. Qxf1
f5 21. Ng5 Rd7 22. Qc4+ Kb8 23. Qxe6 Qxe6 24. Nxe6 Re8 25. Nc5 Rde7 26. Bf3 Re5
27. Bf4 Kc8 28. Bxe5 Rxe5 29. Nd3 Ra5 30. h4 b5 31. Kf2 Kd7 32. Nc5+ Kc7 33.
Nb3 Ra4 34. Be2 Kb6 35. Bd3 b4 36. axb4 Rxb4 37. Ra6+ Kb7 38. Rd6 Ne5 39. Rxd4
Rxd4 40. Nxd4 a5 41. h5 Kb6 42. h6 a4 43. h7 1-0

[Event "4NCL Division 2b"]
[Site "Northampton, ENG"]
[Date "2017.02.12"]
[Round "6.72"]
[White "Gayson, Peter M"]
[Black "Bak, Andrew"]
[Result "1-0"]
[WhiteElo "2148"]
[BlackElo "2041"]
[PlyCount "107"]
[EventDate "2017.02.12"]
[WhiteTeam "White Rose 2"]
[BlackTeam "Bradford DCA Knights A"]

1. e4 c5 2. Nf3 e6 3. d4 cxd4 4. Nxd4 a6 5. Nc3 d6 6. Be2 Nf6 7. O-O Be7 8. f4
O-O 9. a4 b6 10. Bf3 e5 11. Nf5 Nc6 12. Be3 Bxf5 13. exf5 Rc8 14. Kh1 Qc7 15.
Qd2 Rfd8 16. Qf2 Rb8 17. Rad1 b5 18. axb5 axb5 19. Ra1 b4 20. Nd5 Nxd5 21. Bxd5
Bf6 22. Ra6 Ne7 23. Ra7 Qc8 24. Bb3 Rd7 25. fxe5 dxe5 26. h3 Nc6 27. Rxd7 Qxd7
28. Ba4 Qb7 29. Rd1 Rd8 30. Rxd8+ Nxd8 31. Qd2 Be7 32. Qd3 h6 33. Qc4 Qb8 34.
Qd5 Qd6 35. Bb3 Qxd5 36. Bxd5 Kf8 37. g4 f6 38. Kg2 Ke8 39. Kf3 Kd7 40. Ke2 Kd6
41. Be4 Nf7 42. Kd3 Ng5 43. Bg2 Bf8 44. Kc4 Kc7 45. Bc5 Bxc5 46. Kxc5 e4 47.
Kxb4 Kd6 48. Kc4 Ke5 49. b4 h5 50. b5 hxg4 51. hxg4 Kf4 52. b6 Nf7 53. Kd5 Nd8
54. Bxe4 1-0

[Event "4NCL Division 2b"]
[Site "Northampton, ENG"]
[Date "2017.02.12"]
[Round "6.73"]
[White "Bak, Christopher"]
[Black "Arnott, Jonathan W"]
[Result "1-0"]
[WhiteElo "2018"]
[BlackElo "2127"]
[PlyCount "51"]
[EventDate "2017.02.12"]
[WhiteTeam "Bradford DCA Knights A"]
[BlackTeam "White Rose 2"]

1. c4 Nf6 2. Nf3 c6 3. g3 d5 4. Bg2 dxc4 5. O-O g6 6. Na3 Bg7 7. Nxc4 O-O 8. d3
Nbd7 9. Bd2 a5 10. Qc2 Nd5 11. d4 b5 12. Nce5 Nxe5 13. Nxe5 Bxe5 14. dxe5 Ra6
15. Rac1 Be6 16. Rfd1 Qb8 17. Qc5 Re8 18. a3 Qb7 19. Qd4 Rc8 20. Rc5 Nc7 21.
Bh6 Bb3 22. Rxb5 Qxb5 23. Qd8+ Ne8 24. Qxc8 c5 25. Rd8 Ba4 26. b3 1-0

[Event "4NCL Division 2b"]
[Site "Northampton, ENG"]
[Date "2017.02.12"]
[Round "6.74"]
[White "Towmsend, M Paul"]
[Black "Nicholson, Jim W R"]
[Result "1-0"]
[WhiteElo "2186"]
[BlackElo "2020"]
[PlyCount "61"]
[EventDate "2017.02.12"]
[WhiteTeam "Warwickshire Select 1"]
[BlackTeam "Spirit of Atticus A"]

1. Nf3 Nf6 2. g3 d5 3. Bg2 c6 4. O-O Bg4 5. d3 Nbd7 6. Nbd2 e6 7. e4 Be7 8. h3
Bxf3 9. Qxf3 O-O 10. Qe2 dxe4 11. dxe4 Qb6 12. b3 Rad8 13. Nc4 Qa6 14. e5 Nd5
15. Qg4 Kh8 16. Bb2 N5b6 17. Nd6 Nc8 18. Ne4 Qa5 19. f4 Nc5 20. f5 exf5 21.
Rxf5 Nxe4 22. Bxe4 Bc5+ 23. Kh1 Qd2 24. e6 Bd4 25. Rd1 Qe3 26. Bxd4 Rxd4 27.
Rxd4 Qxd4 28. Rxf7 Rd8 29. e7 Nxe7 30. Rxe7 Rf8 31. Bg2 1-0

[Event "4NCL Division 2b"]
[Site "Northampton, ENG"]
[Date "2017.02.12"]
[Round "6.75"]
[White "Jennings, Roger W"]
[Black "Shaw, Peter"]
[Result "0-1"]
[WhiteElo "2038"]
[BlackElo "2093"]
[PlyCount "70"]
[EventDate "2017.02.12"]
[WhiteTeam "Bradford DCA Knights A"]
[BlackTeam "White Rose 2"]

1. g3 f5 2. Bg2 Nf6 3. d3 e5 4. Nf3 d6 5. O-O Be7 6. c4 O-O 7. Nc3 Qe8 8. c5
Kh8 9. cxd6 cxd6 10. Bg5 Be6 11. Nd2 Nc6 12. Rc1 Qf7 13. Nb5 Rfc8 14. Nc4 Qf8
15. Bxf6 gxf6 16. Nc3 Qg8 17. Ne3 f4 18. Ned5 Bd8 19. Kh1 fxg3 20. fxg3 f5 21.
e3 b5 22. e4 Nd4 23. exf5 Nxf5 24. Qh5 Bg5 25. Nf6 Qg6 26. Qxg6 hxg6 27. Bxa8
Bxc1 28. Nxb5 Bxb2 29. Be4 d5 30. Bxf5 Bxf5 31. Rb1 Rc2 32. Nxa7 Bxd3 33. Rd1
Be2 34. Re1 Bf3+ 35. Kg1 Bd4+ 0-1

[Event "4NCL Division 2b"]
[Site "Northampton, ENG"]
[Date "2017.02.12"]
[Round "6.76"]
[White "Burnett, Jim"]
[Black "Gardiner, Eric D"]
[Result "0-1"]
[WhiteElo "2096"]
[BlackElo "1933"]
[PlyCount "80"]
[EventDate "2017.02.12"]
[WhiteTeam "White Rose 2"]
[BlackTeam "Bradford DCA Knights A"]

1. d4 d6 2. Nf3 Bg4 3. c4 Bxf3 4. exf3 Nd7 5. Nc3 Ngf6 6. Be3 c6 7. Qb3 Qc7 8.
Be2 e6 9. Rc1 Be7 10. O-O O-O 11. f4 Qb6 12. Qc2 d5 13. b3 Bb4 14. Nb1 Qd8 15.
c5 Ba5 16. a3 Bc7 17. b4 Ne8 18. Bd3 g6 19. Nd2 Ng7 20. Nf3 Nf5 21. Bd2 Qf6 22.
Qb2 a6 23. Ne5 Nxe5 24. fxe5 Qh4 25. f4 f6 26. Be1 Qh6 27. Rf3 fxe5 28. fxe5
Nxd4 29. Rh3 Qf4 30. Bc3 Bxe5 31. Rf1 Qg4 32. Re3 Rxf1+ 33. Bxf1 Bg7 34. Rd3
Nf5 35. Be2 Bxc3 36. Rxc3 Qd4+ 37. Kh1 Rf8 38. Qc1 Ng7 39. Rd3 Qf6 40. Qd1 Qf2
0-1

[Event "4NCL Division 2b"]
[Site "Northampton, ENG"]
[Date "2017.02.12"]
[Round "6.77"]
[White "Patrick, David A"]
[Black "Sucikova, Svetlana"]
[Result "1-0"]
[WhiteElo "1862"]
[BlackElo "2086"]
[PlyCount "71"]
[EventDate "2017.02.12"]
[WhiteTeam "Bradford DCA Knights A"]
[BlackTeam "White Rose 2"]

1. e4 c6 2. d4 d5 3. exd5 cxd5 4. Bd3 Nc6 5. c3 Qc7 6. Nf3 Bg4 7. Na3 a6 8. Nc2
e6 9. Ne3 Bh5 10. O-O Bd6 11. h3 Nf6 12. Re1 O-O 13. Nf1 b5 14. Bg5 b4 15. Bh4
bxc3 16. bxc3 Na5 17. Bg3 Rfc8 18. Rc1 Ra7 19. Qa4 Bxg3 20. Nxg3 Bxf3 21. gxf3
Nd7 22. Rb1 Qxc3 23. Rec1 Qxc1+ 24. Rxc1 Rxc1+ 25. Kg2 Nc4 26. Qb4 a5 27. Qe7
g6 28. h4 Rc3 29. Nh5 Ra8 30. Nf4 Ncb6 31. h5 Nf8 32. h6 Nbd7 33. Bb5 Rc7 34.
Bxd7 Nxd7 35. Nxe6 fxe6 36. Qg7# 1-0

[Event "4NCL Division 2b"]
[Site "Northampton, ENG"]
[Date "2017.02.12"]
[Round "6.78"]
[White "O'driscoll, Kieran"]
[Black "Verma, Shlok"]
[Result "1-0"]
[WhiteElo "2098"]
[BlackElo "1451"]
[PlyCount "53"]
[EventDate "2017.02.12"]
[WhiteTeam "White Rose 2"]
[BlackTeam "Bradford DCA Knights A"]

1. d4 e6 2. Nf3 d5 3. Bf4 Nf6 4. e3 c5 5. c3 Nc6 6. Nbd2 cxd4 7. exd4 Bd6 8.
Bxd6 Qxd6 9. Bd3 Bd7 10. O-O O-O 11. Qe2 Rfe8 12. Ne5 Rac8 13. Rae1 Ne7 14. f4
Ng6 15. g4 Bc6 16. g5 Nd7 17. Qh5 Ndxe5 18. fxe5 Qe7 19. Re3 Nf8 20. Rh3 g6 21.
Qh6 b5 22. Rf4 b4 23. Nf1 bxc3 24. bxc3 Bd7 25. Ne3 Qa3 26. Bxg6 fxg6 27. Rxf8+
1-0

[Event "4NCL Division 2b"]
[Site "Northampton, ENG"]
[Date "2017.02.12"]
[Round "6.81"]
[White "Harakis, Alexis M"]
[Black "Greet, Andrew N"]
[Result "1-0"]
[WhiteElo "2238"]
[BlackElo "2447"]
[PlyCount "77"]
[EventDate "2017.02.12"]
[WhiteTeam "KJCA Kings"]
[BlackTeam "Alba"]

1. e4 e6 2. d4 d5 3. exd5 exd5 4. Nf3 Bd6 5. c4 Nf6 6. Nc3 O-O 7. cxd5 Nbd7 8.
Bg5 Nb6 9. Be2 Be7 10. O-O Nfxd5 11. Bxe7 Qxe7 12. Re1 c6 13. Bc4 Qd6 14. Bb3
Be6 15. Ne4 Qc7 16. Ne5 Rae8 17. Nc5 Bc8 18. a4 Nf6 19. a5 Nbd5 20. a6 b6 21.
Ncd3 Re6 22. Qf3 Rd8 23. Rec1 b5 24. Nf4 Nxf4 25. Qxf4 Nd5 26. Qe4 Qb6 27. Bxd5
cxd5 28. Qh4 f6 29. Nd3 Re4 30. Qg3 Qxd4 31. Rc7 Rg4 32. Qe3 Bf5 33. Qe7 Rf8
34. h3 Rg6 35. Ne1 Bxh3 36. Ra3 Bf5 37. Rxa7 Be4 38. Rc3 Bf5 39. Rcc7 1-0

[Event "4NCL Division 2b"]
[Site "Northampton, ENG"]
[Date "2017.02.12"]
[Round "6.82"]
[White "Sreeves, Clement"]
[Black "Hand, Freddie"]
[Result "1-0"]
[WhiteElo "2380"]
[BlackElo "2119"]
[PlyCount "63"]
[EventDate "2017.02.12"]
[WhiteTeam "Alba"]
[BlackTeam "KJCA Kings"]

1. b3 d5 2. Bb2 Nf6 3. g3 Bf5 4. Bg2 c6 5. d3 e6 6. Nd2 h6 7. Ngf3 Be7 8. O-O
O-O 9. Ne5 a5 10. e4 Bh7 11. a3 Qc7 12. Qe2 Re8 13. f4 Na6 14. exd5 exd5 15.
Ndf3 c5 16. c4 d4 17. Rae1 Bd6 18. Qd1 Re7 19. Rf2 Rae8 20. Rfe2 Bxe5 21. Nxe5
Nb8 22. b4 axb4 23. axb4 cxb4 24. Bxd4 Qd6 25. Bb2 Rd8 26. d4 Na6 27. Qb3 Bf5
28. c5 Qc7 29. Nxf7 Bc2 30. Rxe7 Bxb3 31. Rxc7 Bxf7 32. Rxb7 1-0

[Event "4NCL Division 2b"]
[Site "Northampton, ENG"]
[Date "2017.02.12"]
[Round "6.83"]
[White "Ward, Jeremy P"]
[Black "Berry, Neil"]
[Result "1/2-1/2"]
[WhiteElo "2192"]
[BlackElo "2291"]
[PlyCount "154"]
[EventDate "2017.02.12"]
[WhiteTeam "KJCA Kings"]
[BlackTeam "Alba"]

1. d4 d5 2. c4 e6 3. Nc3 Bb4 4. Nf3 Nf6 5. cxd5 exd5 6. Bg5 h6 7. Bh4 Nbd7 8.
e3 g5 9. Bg3 Ne4 10. Nd2 Bxc3 11. bxc3 Nxg3 12. hxg3 Nb6 13. c4 dxc4 14. Nxc4
Be6 15. Nd2 Qe7 16. Be2 c6 17. Qc2 Qa3 18. O-O O-O 19. Ne4 Nd7 20. g4 Qe7 21.
Ng3 Nf6 22. f3 Rad8 23. Rae1 Rfe8 24. Bc4 Qc7 25. Nf5 Bxf5 26. Qxf5 Kg7 27. f4
Qd7 28. fxg5 Qxf5 29. Rxf5 hxg5 30. Rxg5+ Kh6 31. Rf5 Nxg4 32. Rf3 Rxd4 33.
Bxf7 Re7 34. Bb3 Rde4 35. Ref1 Rxe3 36. Rxe3 Rxe3 37. Bd1 Kg5 38. Bxg4 Kxg4 39.
Rf7 Re1+ 40. Kh2 Rb1 41. Rg7+ Kf4 42. a4 a5 43. g3+ Kf5 44. Rc7 Rb4 45. Kh3 Ke6
46. g4 Kd6 47. Rf7 Ke6 48. Rc7 Kd6 49. Rf7 Rxa4 50. Rxb7 Ra1 51. Kg2 c5 52. g5
Re1 53. g6 Re5 54. g7 Rg5+ 55. Kf3 Kc6 56. Rf7 a4 57. Ke2 Kb5 58. Kd3 Rg3+ 59.
Kc2 Kb4 60. Rb7+ Kc4 61. Ra7 Rg2+ 62. Kb1 Kb3 63. Rb7+ Kc3 64. Ra7 c4 65. Rd7
a3 66. Ka1 Kb3 67. Rb7+ Kc3 68. Rd7 Kc2 69. Ka2 c3 70. Rf7 Kd1+ 71. Kxa3 c2 72.
Rd7+ Kc1 73. Ka2 Rg6 74. Rc7 Kd1 75. Rd7+ Kc1 76. Rc7 Kd2 77. Rd7+ Kc1 1/2-1/2

[Event "4NCL Division 2b"]
[Site "Northampton, ENG"]
[Date "2017.02.12"]
[Round "6.84"]
[White "Findlay, David John"]
[Black "Selway, Richard P"]
[Result "1-0"]
[WhiteElo "2176"]
[BlackElo "2057"]
[PlyCount "56"]
[EventDate "2017.02.12"]
[WhiteTeam "Alba"]
[BlackTeam "KJCA Kings"]

1. e4 c5 2. Nf3 Nc6 3. Bb5 g6 4. O-O Bg7 5. Re1 e5 6. Bxc6 bxc6 7. d3 Ne7 8.
Be3 d6 9. Qc1 O-O 10. Bh6 f5 11. Bxg7 Kxg7 12. Nbd2 Be6 13. c3 Qb6 14. d4 cxd4
15. cxd4 fxe4 16. Nxe4 Bd5 17. dxe5 dxe5 18. Qc3 Rae8 19. Qxe5+ Kh6 20. Qg5+
Kg7 21. Nd6 Qc7 22. Qe5+ Kg8 23. Nxe8 Qxe5 24. Rxe5 Rxe8 25. Rae1 Kf8 26. Ng5
h6 27. Ne6+ Bxe6 28. Rxe6 Rb8 1-0

[Event "4NCL Division 2b"]
[Site "Northampton, ENG"]
[Date "2017.02.12"]
[Round "6.85"]
[White "Verma, Aditya"]
[Black "Shafi, Declan"]
[Result "1/2-1/2"]
[WhiteElo "2055"]
[BlackElo "2006"]
[PlyCount "60"]
[EventDate "2017.02.12"]
[WhiteTeam "KJCA Kings"]
[BlackTeam "Alba"]

1. e4 e5 2. Nf3 Nc6 3. Bb5 a6 4. Ba4 Nf6 5. O-O Be7 6. d3 d6 7. c3 b5 8. Bc2
O-O 9. a4 Be6 10. Re1 Rb8 11. Nbd2 d5 12. Qe2 b4 13. Nf1 bxc3 14. bxc3 d4 15.
c4 Bb4 16. Bd2 Qd6 17. Reb1 a5 18. h3 Rbe8 19. Ng3 Bxd2 20. Qxd2 Nb4 21. Nh4
Nd7 22. Rc1 Nc5 23. Ra3 Nxc2 24. Ngf5 Bxf5 25. Nxf5 Nxe4 26. dxe4 Qxa3 27. Qg5
g6 28. Nh6+ Kg7 29. Nf5+ Kg8 30. Nh6+ Kg7 1/2-1/2

[Event "4NCL Division 2b"]
[Site "Northampton, ENG"]
[Date "2017.02.12"]
[Round "6.86"]
[White "Grassie, Duncan"]
[Black "Jamroz, Krzysztof"]
[Result "1-0"]
[WhiteElo "2069"]
[BlackElo "1994"]
[PlyCount "81"]
[EventDate "2017.02.12"]
[WhiteTeam "Alba"]
[BlackTeam "KJCA Kings"]

1. d4 Nf6 2. Bg5 Ne4 3. Bf4 c5 4. f3 Qa5+ 5. c3 Nf6 6. d5 Qb6 7. Bc1 g6 8. e4
d6 9. Na3 Bg7 10. Ne2 O-O 11. Ng3 Rd8 12. h4 h5 13. Bd3 e6 14. Nc4 Qc7 15. O-O
b5 16. Ne3 c4 17. Bc2 Qc5 18. Kh1 exd5 19. Nxd5 Nxd5 20. exd5 Bb7 21. Bg5 Rd7
22. Qe2 Na6 23. Rad1 Qc8 24. Nxh5 gxh5 25. Qe4 f6 26. Qh7+ Kf8 27. Bh6 Bxh6 28.
Qxh6+ Rg7 29. Qxf6+ Kg8 30. Rfe1 Qf8 31. Qe6+ Qf7 32. Qxd6 Re8 33. Re6 Nc7 34.
Bg6 Rxg6 35. Rxg6+ Kh7 36. Rg5 Re2 37. Rd4 Ne8 38. Qf4 Nf6 39. Qf5+ Kh6 40. Rf4
Ng4 41. fxg4 1-0

[Event "4NCL Division 2b"]
[Site "Northampton, ENG"]
[Date "2017.02.12"]
[Round "6.87"]
[White "Anilkumar, Anantha P"]
[Black "White, Stuart A"]
[Result "0-1"]
[WhiteElo "1878"]
[BlackElo "2064"]
[PlyCount "84"]
[EventDate "2017.02.12"]
[WhiteTeam "KJCA Kings"]
[BlackTeam "Alba"]

1. d4 d5 2. c4 c6 3. Nc3 Nf6 4. e3 Bf5 5. Nf3 e6 6. Bd3 Bxd3 7. Qxd3 Nbd7 8.
O-O Be7 9. cxd5 exd5 10. Rb1 a5 11. Bd2 O-O 12. Rfc1 Re8 13. Ne5 Nxe5 14. dxe5
Nd7 15. f4 Nc5 16. Qc2 f6 17. exf6 Bxf6 18. Na4 Ne4 19. Nc5 Qe7 20. Nxe4 Qxe4
21. b4 axb4 22. Rxb4 Qxc2 23. Rxc2 Re7 24. a4 Rd7 25. e4 dxe4 26. Rxe4 Rd4 27.
Rxd4 Bxd4+ 28. Kf1 Rxa4 29. Ke2 Kf7 30. Kd3 Bf6 31. g4 g6 32. Rc4 Rxc4 33. Kxc4
Be7 34. Be3 b5+ 35. Kd4 Ke6 36. Ke4 Bf6 37. Bc5 Bc3 38. Kd3 Kd5 39. Bf8 b4 40.
h4 c5 41. g5 Bd4 42. Be7 c4+ 0-1

[Event "4NCL Division 2b"]
[Site "Northampton, ENG"]
[Date "2017.02.12"]
[Round "6.88"]
[White "Bamber, Elaine"]
[Black "Jamroz, Viktor"]
[Result "1-0"]
[WhiteElo "2083"]
[BlackElo "1721"]
[PlyCount "45"]
[EventDate "2017.02.12"]
[WhiteTeam "Alba"]
[BlackTeam "KJCA Kings"]

1. e4 e6 2. d4 d5 3. Bd3 c5 4. exd5 exd5 5. Qe2+ Be7 6. dxc5 Nf6 7. Nf3 O-O 8.
O-O Bxc5 9. Bg5 h6 10. Bh4 g5 11. Nxg5 hxg5 12. Bxg5 Bg4 13. Qd2 Kh8 14. Qf4
Nbd7 15. h3 Be6 16. Qh4+ Kg8 17. Nd2 Be7 18. Rfe1 Re8 19. Re3 Rc8 20. Rg3 Bg4
21. Rxg4 Nxg4 22. Qh7+ Kf8 23. Qh8# 1-0

[Event "4NCL Division 2c"]
[Site "Telford, ENG"]
[Date "2017.05.01"]
[Round "11.11"]
[White "Sreeves, Clement"]
[Black "Rees, Ioan"]
[Result "1/2-1/2"]
[WhiteElo "2396"]
[BlackElo "2282"]
[PlyCount "66"]
[EventDate "2017.05.01"]
[WhiteTeam "Alba"]
[BlackTeam "West is Best 1"]

1. e4 c5 2. Nf3 Nc6 3. d4 cxd4 4. Nxd4 e5 5. Nb5 d6 6. N1c3 a6 7. Na3 Be7 8.
Be3 Nf6 9. Nc4 b5 10. Nb6 Rb8 11. Nxc8 Qxc8 12. Be2 O-O 13. O-O Qb7 14. Nd5
Nxd5 15. exd5 Na5 16. b3 f5 17. Bd2 Bd8 18. Bb4 Qb6 19. a4 Nb7 20. axb5 axb5
21. Ra2 e4 22. Kh1 Bf6 23. c3 Ra8 24. Rxa8 Rxa8 25. f3 Nc5 26. Qc2 Re8 27. fxe4
Nxe4 28. Bd3 g6 29. g3 Qb7 30. Bxe4 Rxe4 31. Qd2 Be5 32. Rd1 Qb6 33. Re1 Rxe1+
1/2-1/2

[Event "4NCL Division 2c"]
[Site "Telford, ENG"]
[Date "2017.05.01"]
[Round "11.12"]
[White "Rudd, Jack"]
[Black "Greet, Andrew N"]
[Result "0-1"]
[WhiteElo "2177"]
[BlackElo "2448"]
[PlyCount "60"]
[EventDate "2017.05.01"]
[WhiteTeam "West is Best 1"]
[BlackTeam "Alba"]

1. d4 d5 2. c4 e6 3. Nc3 Bb4 4. Nf3 Nf6 5. Bg5 dxc4 6. Qa4+ Nc6 7. e3 Qd5 8.
Bxf6 gxf6 9. Nd2 Bxc3 10. bxc3 b5 11. Qc2 Bb7 12. Rb1 Nd8 13. a4 a6 14. f3 Bc6
15. g3 h5 16. Bh3 h4 17. Ne4 Ke7 18. Qa2 Nb7 19. Qa3+ Nd6 20. g4 bxa4 21. O-O
Rab8 22. Nd2 Kd7 23. e4 Qa5 24. Rbe1 Rb3 25. Nxb3 cxb3 26. d5 Bb5 27. Rf2 Qxc3
28. Rc1 Qe3 29. Qa1 Rb8 30. Rc3 b2 0-1

[Event "4NCL Division 2c"]
[Site "Telford, ENG"]
[Date "2017.05.01"]
[Round "11.13"]
[White "McKay, Roderick M"]
[Black "Martin, Peter"]
[Result "1-0"]
[WhiteElo "2332"]
[BlackElo "2069"]
[PlyCount "65"]
[EventDate "2017.05.01"]
[WhiteTeam "Alba"]
[BlackTeam "West is Best 1"]

1. d4 Nf6 2. Nf3 g6 3. Bg5 Bg7 4. Nbd2 d6 5. c3 Bf5 6. Qb3 Qc8 7. Bxf6 Bxf6 8.
e4 Be6 9. Bc4 Bxc4 10. Nxc4 O-O 11. O-O Nd7 12. Rfe1 Bg7 13. e5 d5 14. Ne3 e6
15. a4 c5 16. Rac1 c4 17. Qa3 Qd8 18. b3 cxb3 19. Qxb3 Qb6 20. Qa3 Rfe8 21. c4
dxc4 22. Nxc4 Qa6 23. Nd6 Bf8 24. Rc7 Nb6 25. Ng5 Qa5 26. Rec1 Qd2 27. Nge4
Bxd6 28. Qxd6 Qf4 29. Nf6+ Kg7 30. Rxf7+ Kh6 31. Rxh7+ Kg5 32. h4+ Kf5 33. g4+
1-0

[Event "4NCL Division 2c"]
[Site "Telford, ENG"]
[Date "2017.05.01"]
[Round "11.14"]
[White "Edgell, Ben P"]
[Black "Berry, Neil"]
[Result "1/2-1/2"]
[WhiteElo "2138"]
[BlackElo "2297"]
[PlyCount "25"]
[EventDate "2017.05.01"]
[WhiteTeam "West is Best 1"]
[BlackTeam "Alba"]

1. d4 d5 2. Nf3 Nf6 3. c4 e6 4. Nc3 Bb4 5. cxd5 exd5 6. Bg5 h6 7. Bxf6 Qxf6 8.
Qb3 Qb6 9. a3 Ba5 10. Qc2 Bf5 11. Qa4+ Bd7 12. Qc2 Bf5 13. Qa4+ 1/2-1/2